000 00697nam a22002057a 4500
005 20251108173302.0
008 250721s2006 xx 000 0 ara d
082 1 4 _a004.22/قاض
100 1 _aالقاضي، زياد عبد الكريم
245 1 0 _aالأساسيات الرقمية والتصميم المنطقي /
246 1 1 _aDigital Fundamentals & Logic Design
264 1 _aعمان :
_bمكتبة المجتمع العربي للنشر والتوزيع،
_c2006.
300 _a216ص.
650 1 7 _aنظم المعلومات
650 1 7 _aتصميم الحواسيب
650 1 7 _aالحواسيب
700 1 _aزهران، بلال
942 _2ddc
_cBK
999 _c100384
_d100384